|
|
|
|
| LEADER |
01118nam a2200265 4500 |
| 001 |
c000060102 |
| 003 |
CARM |
| 005 |
00000000000000.0 |
| 008 |
700313s1969 nyu b 00010 eng |
| 019 |
1 |
|
|a 231808
|z 27503609
|5 LACONCORD2021
|
| 035 |
|
|
|a (OCoLC)60297
|5 LACONCORD2021
|
| 050 |
0 |
0 |
|a QA221
|b .S46 1969
|
| 100 |
1 |
|
|a Shapiro, Harold S.
|
| 245 |
1 |
|
|a Smoothing and approximation of functions,
|c by Harold S. Shapiro.
|
| 260 |
|
|
|a New York,
|b Van Nostrand Reinhold
|c [c1969]
|
| 300 |
|
|
|a viii, 134 p.
|c 21 cm.
|
| 440 |
|
|
|a Van Nostrand Reinhold mathematical studies,
|v #24
|
| 500 |
|
|
|a "A revised and expanded edition of notes based on lectures given [by the author] at the Institute of Mathematical Sciences, Madras, in January and February of 1967."
|
| 504 |
|
|
|a Bibliography: p. 127-134.
|
| 650 |
|
0 |
|a Approximation theory.
|
| 650 |
|
0 |
|a Functions.
|
| 852 |
8 |
|
|b CARM
|h A2:AE28H0
|i A02740
|p 0201506
|f BK
|
| 082 |
0 |
4 |
|a 517/.5
|
| 999 |
f |
f |
|i c85770b3-a615-51b6-8fd3-971447247049
|s 72a25915-00e6-5bf5-921c-8e6b01189c98
|
| 952 |
f |
f |
|p Can circulate
|a CAVAL
|b CAVAL
|c CAVAL
|d CARM 1 Store
|e A02740
|f A2:AE28H0
|h Other scheme
|i book
|m 0201506
|